F1 Quotes - Statistics

General Stats
  • This quiz has been taken 78 times
  • The average score is 6 of 9
Answer Stats
Hint Answer % Correct
"Smoooooooth operatorrrrr" Carlos Sainz
98%
"I've got a seat full of water" Charles leclerc
98%
"Thank you Brian" Charles Leclerc
98%
"ITS NEAR A FISH" Lando Norris
77%
"NO you've ruined my icecream!" Lando Norris
77%
"Bwoah" Kimi Raikkonen
75%
"I HAVE IT PRINTED OUT🤓" Toto Wolf
60%
"I feel something moving between my legs" Lewis Hamilton
33%
"Must be the uh water" Brian
25%
No matching quizzes found
Score Distribution
Percent of People with Each Score
Percentile by Number Answered
Your Score History
You have not taken this quiz